• 首页
  • 本馆介绍
  • 公告通知
  • 最新文献
  • 馆藏检索
  • 电子资源
  • 读者导购
  • 参考咨询
  • 我的图书馆
  • 登录
  • 详细信息显示
  • 放入我的书架
  • 预约/预借图书
  • 作者相关作品
  • 分类相关作品
  • 丛书相关作品
  • 出版社相关作品

书目信息

  • 表格格式
  • 工作单格式
  • 卡片格式
题名:
我们的孩子
    
 
作者: 帕特南 著 ;田雷 , 宋昕 译
分册:  
出版信息: 北京   中国政法大学出版社  2017
页数: 398页
开本: 24cm
丛书名: 雅理译丛
单 册:
中图分类: F171.247
科图分类:
主题词: 收入差距--shou ru cha ju--研究--美国
电子资源:
ISBN: 978-7-5620-7014-6
000 01828nam 2200361 450
001 012017000128
005 20180115150310.57
010    @a978-7-5620-7014-6@b精装@dCNY69.00
100    @a20170614d2017 em y0chiy0121 ea
101 1  @achi@ceng
102    @aCN@b110000
105    @aa a 001yy
106    @ar
200 1  @a我们的孩子@Awo men de hai zi@f(美) 罗伯特·帕特南著@g田雷, 宋昕译
210    @a北京@c中国政法大学出版社@d2017
215    @a398页@c图@d24cm
225 2  @a雅理译丛@Aya li yi cong
300    @a本书翻译得到中山大学人文高等研究院资深驻院学人项目的支持
312    @a英文题名原文取自版权页 其他题名信息取自版权页
314    @a罗伯特·D. 帕特南, 1941年生, 美国当代最杰出的政治学家, 曾担任美国政治学协会主席。田雷, 华东师范大学法学院教授, 曾任教于重庆大学人文社会科学院高等研究院。宋昕, 复旦大学古籍所先秦两汉文学专业在读硕士, 曾就读于重庆大学博雅学院, 获文学学士学位。
320    @a有书目 (第318-376页) 和索引
330    @a哈佛大学的帕特南教授, 在本书内开拓性地讨论了收入差距的增长问题: 为什么今天越来越少的美国人才有向上流动的机会。帕特南开篇就讲述了他在俄亥俄州克林顿港的1959届高中班级。基本上, 这些学生中的绝大多数--“我们的孩子”--都过着比他们父母更美好的生活。但是他们的儿女和孙子女却要在不断破灭的希望中过着更困难的生活。帕特南讲述了来自全国的城市和乡村的富裕家庭和贫穷家庭孩子们的动人故事, 其中有大量的研究是专为本书而做的。
410  0 @12001 @a雅理译丛
500 10 @aOur kids : the American dream in crisis@mChinese
517 1  @a危机中的美国梦@Awei ji zhong de mei guo meng
606 0  @a收入差距@Ashou ru cha ju@x研究@y美国
690    @aF171.247@v5
701  1 @a帕特南@Apa te nan@g(Putnam, Robert D.),@f1941-@4著
702  0 @a田雷@Atian lei@4译
702  0 @a宋昕@Asong xin@4译
801  0 @aCN@b湖北三新@c20170909@g
905    @aBZT@dF171.247@e1
906    @dCNY69.00@n5@r1
    
    我们的孩子/(美) 罗伯特·帕特南著/田雷, 宋昕译.-北京:中国政法大学出版社,2017
    398页:图;24cm.-(雅理译丛)
    本书翻译得到中山大学人文高等研究院资深驻院学人项目的支持
    
    ISBN 978-7-5620-7014-6(精装):CNY69.00
    哈佛大学的帕特南教授, 在本书内开拓性地讨论了收入差距的增长问题: 为什么今天越来越少的美国人才有向上流动的机会。帕特南开篇就讲述了他在俄亥俄州克林顿港的1959届高中班级。基本上, 这些学生中的绝大多数--“我们的孩子”--都过着比他们父母更美好的生活。但是他们的儿女和孙子女却要在不断破灭的希望中过着更困难的生活。帕特南讲述了来自全国的城市和乡村的富裕家庭和贫穷家庭孩子们的动人故事, 其中有大量的研究是专为本书而做的。
●
相关链接 在五车中查询图书 在当当中查询图书 在豆瓣中查询图书


正题名:我们的孩子     索取号:F171.247/1         预约/预借

序号 登录号 条形码 馆藏地/架位号 状态 备注
1 843150   2000843150   第二书库/ [索取号:F171.247/1] 在馆    
2 843151   2000843151   第二书库/ [索取号:F171.247/1] 在馆    
3 843152   2000843152   第二书库/ [索取号:F171.247/1] 在馆    
4 843153   2000843153   第二书库/ [索取号:F171.247/1] 在馆    
5 843154   2000843154   第二书库/ [索取号:F171.247/1] 在馆    
山东省滨州职业学院图书馆 欢迎您!
大连网信软件有限公司© 版权所有